00477nam a2200193 a 4500001001300000003000900013005001700022008004100039020002300080082001700103100001700120245002100137260003900158300001000197500003500207505001000242650001400252700001700266nice12345678IN_TiNIC20260116014414.0140902s2011 kera grp 000 0 eng  a9789380081076c37500a303.625bHUS aHussain, N M a9/11 the Pretext aKerala, India bOther Books c2011 a348p  aincludes index and biblioraphy2 anotes aTerrorism1 aHussain, N M